000 00333nam a2200133Ia 4500
008 240624s9999 xx 000 0 und d
041 _aeng
082 _a659.1 JON
100 _aJONES PHILIP JOHN
245 _aULTIMATE SECRETS OF ADVERTISING
260 _c2001
_aNew Delhi
_bSage Publications
300 _a256 : p.
365 _c
_b30
999 _c17354
_d17354